000 01274cam a2200301 i 4500
999 _c19058
_d19058
001 4105644
003 OSt
005 20200515090728.0
008 770127r19741968ii 000 0aeng
010 _a 74900723
020 _cRs25.00
040 _aDLC
_coclc
_dDLC
043 _aa-ii---
_aa-pk---
050 0 0 _aDS485.K2
_bA578
082 0 0 _a954.040924
_bABD/T
100 _aAbdullah, Sheikh
_d1905-1982.
_92335
245 0 4 _aThe testament of Sheikh Abdullah ; with a monograph by Y. D. Gundevia /
_cSheikh Abdullah
260 _aDehra Dun :
_bPalit & Palit : sole distributors, Abhinav Publications, New Delhi,
_c1974.
300 _a155 p. ;
_c23 cm.
500 _a"The long interview given by Sheikh Abdullah was first published in Urdu in the supplementary issue (1968) of the Shabistan Urdu digest."
505 0 _aSheikh Abdullah speaks.--Gundevia, Y. D. On Sheikh Abdullah.--Gundevia, Y. D. Postscript.
600 1 0 _aAbdullah, Mohammad,
_cSheikh,
_d1905-
650 0 _aHistory & geography
_vIslamic History
_92271
651 0 _aKashmir
_xPolitics and government.
700 1 2 _aGundevia, Y. D.
_tOn Sheikh Abdullah. 1974.
906 _a7
_bcbc
_corignew
_d4
_encip
_f19
_gy-gencatlg
942 _2ddc
_cBK
_h954.040924
_iABD/T
_k954.040924
_mABD/T